[Event "HZ Chess Tournament 2024"]
[Site "Vlissingen, Netherlands"]
[Date "2024.08.10"]
[Round "9.1"]
[White "L'Ami, Erwin"]
[Black "Ikonnikov, Vyacheslav"]
[Result "1/2-1/2"]
[WhiteElo "2629"]
[BlackElo "2447"]
[PlyCount "105"]

1. d4 Nf6 2. c4 e6 3. Nf3 Bb4+ 4. Bd2 Qe7 5. e3 O-O 6. Bd3 d5 7. O-O a5 8. Nc3
b6 9. a3 Bxc3 10. Bxc3 dxc4 11. Bxc4 Bb7 12. Qe2 Ne4 13. Rac1 Nd7 14. Rfd1 Rfd8
15. Be1 c5 16. Bb5 Ndf6 17. dxc5 Rxd1 18. Qxd1 Nxc5 19. Nd4 e5 20. Nf5 Qe6 21.
Ng3 Bd5 22. Qe2 g6 23. h3 Bb3 24. Bc3 Nfe4 25. Nxe4 Nxe4 26. Be1 Rc8 27. Rxc8+
Qxc8 28. Bd3 Nd6 29. Bc3 Qc5 30. Qg4 f6 31. Bxg6 hxg6 32. Qxg6+ Kf8 33. Qxf6+
Nf7 34. Kh2 Bc2 35. g4 Qd5 36. g5 Qe4 37. Kg3 Kg8 38. Qxb6 Qf5 39. Qf6 Qxf6 40.
gxf6 a4 41. f4 e4 42. Kg4 Nd6 43. Be5 Nc4 44. Bd4 Nd6 45. Kg5 Bb3 46. Be5 Nc4
47. Bd4 Nd6 48. h4 Be6 49. h5 Nf7+ 50. Kg6 Nh8+ 51. Kg5 Nf7+ 52. Kg6 Nh8+ 53.
Kg5 1/2-1/2

[Event "HZ Chess Tournament 2024"]
[Site "Vlissingen, Netherlands"]
[Date "2024.08.10"]
[Round "9.2"]
[White "Hausrath, Daniel"]
[Black "Ter-Sahakyan, Samvel"]
[Result "1/2-1/2"]
[WhiteElo "2469"]
[BlackElo "2609"]
[PlyCount "41"]

1. Nf3 d5 2. g3 g6 3. Bg2 Bg7 4. d4 Nf6 5. O-O O-O 6. c4 dxc4 7. Na3 c3 8. bxc3
c5 9. Ne5 Nc6 10. Nac4 Be6 11. Qd3 cxd4 12. Nxc6 bxc6 13. cxd4 Rc8 14. Ba3 c5
15. dxc5 Qxd3 16. exd3 Rfd8 17. Ne5 Ng4 18. Nc6 Rxc6 19. Bxc6 Rxd3 20. Bb4 Bxa1
21. Rxa1 1/2-1/2

[Event "HZ Chess Tournament 2024"]
[Site "Vlissingen, Netherlands"]
[Date "2024.08.10"]
[Round "9.3"]
[White "Setyaki, Azarya Jodi"]
[Black "Pavlidis, Antonios"]
[Result "1/2-1/2"]
[WhiteElo "2370"]
[BlackElo "2566"]
[PlyCount "113"]

1. e4 e5 2. Nc3 Nf6 3. Bc4 Nc6 4. d3 Na5 5. Bb3 Nxb3 6. axb3 d5 7. Nf3 dxe4 8.
Nxe5 exd3 9. O-O Bd6 10. Nxd3 Bg4 11. Re1+ Be7 12. Qd2 O-O 13. Qe3 Bd6 14. Rxa7
Bf5 15. Rxa8 Qxa8 16. Qg5 Bg6 17. Bf4 h6 18. Qh4 Re8 19. Be3 Ne4 20. Nb5 Be7
21. Qh3 Qa5 22. Nc3 Bf6 23. b4 Qa6 24. Nd5 Qc6 25. c4 Qxc4 26. Qd7 Nd6 27.
Nxf6+ gxf6 28. Nf4 Qxb4 29. Rf1 Qc4 30. Nxg6 fxg6 31. Bxh6 Qf7 32. Qxf7+ Kxf7
33. Be3 Nf5 34. Rc1 c6 35. Rc3 Re4 36. Kf1 Ne7 37. Rb3 b5 38. Rc3 Nd5 39. Rxc6
Nxe3+ 40. fxe3 Rxe3 41. Rc3 Re4 42. Rb3 b4 43. Rd3 Ke6 44. b3 g5 45. h3 Ke5 46.
Kf2 f5 47. g3 f4 48. Rd8 fxg3+ 49. Kxg3 Re3+ 50. Kg4 Rxb3 51. Rb8 Rb2 52. Kxg5
b3 53. Kh6 Kd4 54. h4 Kc3 55. h5 Rh2 56. Kg6 b2 57. h6 1/2-1/2

[Event "HZ Chess Tournament 2024"]
[Site "Vlissingen, Netherlands"]
[Date "2024.08.10"]
[Round "9.4"]
[White "De Winter, Arthur"]
[Black "Fernandez, Daniel Howard"]
[Result "0-1"]
[WhiteElo "2411"]
[BlackElo "2519"]
[PlyCount "92"]

1. e4 c6 2. d4 d5 3. exd5 cxd5 4. c4 Nf6 5. Nc3 e6 6. Nf3 Be7 7. cxd5 Nxd5 8.
Bd3 O-O 9. O-O Nc6 10. Re1 Bf6 11. Be4 Nce7 12. Qd3 h6 13. Ne5 Bd7 14. Qg3 Bc6
15. Bxh6 Nxc3 16. Nxc6 Nxe4 17. Nxe7+ Kh7 18. Rxe4 gxh6 19. Rxe6 Bxe7 20. Qd3+
Kg7 21. Re4 Qd7 22. Rae1 Bd6 23. d5 Rfe8 24. g3 Rxe4 25. Qxe4 h5 26. h4 Rc8 27.
Kg2 a6 28. Qd4+ Kg6 29. Qb6 Kh7 30. Re2 Qb5 31. Qxb5 axb5 32. Kf3 Kg6 33. Re3
Kf5 34. Rb3 Rc5 35. a4 Rc2 36. Rxb5 Bc5 37. Kg2 Kg4 38. Kf1 f5 39. Rxb7 Bxf2
40. Rb4+ Kxg3 41. Rb3+ Kg4 42. a5 f4 43. a6 f3 44. d6 Bxh4 45. Rb4+ Kg3 46.
Rxh4 Rc1# 0-1

[Event "HZ Chess Tournament 2024"]
[Site "Vlissingen, Netherlands"]
[Date "2024.08.10"]
[Round "9.5"]
[White "Bharath Subramaniyam H"]
[Black "De Boer, Eelke"]
[Result "1/2-1/2"]
[WhiteElo "2566"]
[BlackElo "2270"]
[PlyCount "89"]

1. e4 e5 2. Nf3 Nf6 3. Nxe5 d6 4. Nf3 Nxe4 5. d4 d5 6. Bd3 Bd6 7. O-O O-O 8.
Re1 Bf5 9. c4 c6 10. Qb3 Qd7 11. c5 Bc7 12. Nbd2 Be6 13. Nf1 a5 14. Ng5 Nxg5
15. Bxg5 h6 16. Bd2 a4 17. Qc2 Qd8 18. f4 b6 19. cxb6 Bxb6 20. Be3 Qf6 21. f5
Bc8 22. Qf2 Nd7 23. Rac1 Ba6 24. Bxa6 Rxa6 25. Ng3 Bd8 26. Bf4 Qh4 27. Qf1 Rb6
28. Bd6 Bg5 29. Bxf8 Qxd4+ 30. Kh1 Bxc1 31. Bxg7 Kxg7 32. Nh5+ Kf8 33. Rxc1 Nf6
34. Nxf6 Qxf6 35. Qf4 Rxb2 36. Qxa4 Rf2 37. Qa3+ Kg7 38. Qg3+ Qg5 39. Qxg5+
hxg5 40. Kg1 Rxf5 41. Rxc6 d4 42. Rc2 Ra5 43. Rd2 Kf6 44. Rxd4 Rxa2 45. h3
1/2-1/2

[Event "HZ Chess Tournament 2024"]
[Site "Vlissingen, Netherlands"]
[Date "2024.08.10"]
[Round "9.6"]
[White "Tarigan, Gilbert Elroy"]
[Black "Ferreira, Jorge Viterbo"]
[Result "0-1"]
[WhiteElo "2359"]
[BlackElo "2523"]
[PlyCount "126"]

1. e4 c5 2. Nf3 e6 3. c3 d5 4. exd5 Qxd5 5. d4 Nf6 6. Be3 cxd4 7. Bxd4 Nc6 8.
Nbd2 Nxd4 9. cxd4 Bd7 10. Bc4 Qd6 11. O-O Be7 12. Bd3 O-O 13. Nc4 Qf4 14. Nce5
Rad8 15. g3 Qh6 16. Nxd7 Rxd7 17. Kg2 Rfd8 18. Qe2 Qh5 19. Rac1 Nd5 20. Be4 Bf6
21. Rfe1 g6 22. Ne5 Qxe2 23. Rxe2 Re7 24. a4 Kg7 25. h4 h5 26. Kf1 Rd6 27. Rc5
Nb6 28. a5 Nd7 29. Rc7 Rxd4 30. Nf3 Ra4 31. Rxb7 Rxa5 32. b4 Ra3 33. Rc2 Nb6
34. Rxe7 Bxe7 35. Rc7 Bf6 36. b5 Nd5 37. Rd7 Nc3 38. Bc6 Nxb5 39. Bxb5 Rxf3 40.
Bd3 Bc3 41. Kg2 Rf6 42. f4 a5 43. Ra7 Be1 44. Ra8 e5 45. Re8 Rd6 46. Bf1 Rd2+
47. Kh3 Rf2 48. Bg2 Bc3 49. fxe5 Re2 50. Bd5 Rxe5 51. Rxe5 Bxe5 52. Bb3 Bc3 53.
Kg2 Be1 54. Kh3 f6 55. Bd1 Kh6 56. Ba4 g5 57. Bd7 g4+ 58. Kg2 Kg7 59. Be8 f5
60. Kh2 Kf6 61. Kg2 Ke7 62. Ba4 f4 63. gxf4 Bxh4 0-1

[Event "HZ Chess Tournament 2024"]
[Site "Vlissingen, Netherlands"]
[Date "2024.08.10"]
[Round "9.7"]
[White "Leenhouts, Koen"]
[Black "Goossens, Hanne"]
[Result "1-0"]
[WhiteElo "2446"]
[BlackElo "2172"]
[PlyCount "95"]

1. Nf3 d5 2. g3 Nf6 3. Bg2 Bf5 4. c4 c6 5. Qb3 Qb6 6. d3 Nbd7 7. Be3 dxc4 8.
Qxc4 Qc7 9. O-O e5 10. Nc3 Be7 11. Rfc1 O-O 12. Qa4 Rfe8 13. b4 Nb6 14. Qb3 Be6
15. Qb1 Nfd5 16. Bd2 Nxc3 17. Bxc3 Bd6 18. a4 Nd5 19. Be1 Qe7 20. b5 c5 21. Nd2
Rac8 22. Nc4 Bb8 23. Qb2 f6 24. a5 Qd7 25. Bd2 Red8 26. Ra3 Ne7 27. Ne3 Nf5 28.
Nxf5 Bxf5 29. Be3 b6 30. h4 Be6 31. axb6 axb6 32. Ra6 Bc7 33. Kh2 Rb8 34. Ra7
Qd6 35. Qa3 Rd7 36. Rxc5 bxc5 37. Bxc5 Qxc5 38. Qxc5 Bb6 39. Qc6 Rxa7 40. Qxe6+
Kh8 41. Be4 h6 42. Qf5 Kg8 43. Qh7+ Kf7 44. Bd5+ Ke7 45. Qxg7+ Kd6 46. Qxf6+
Kxd5 47. Qc6+ Kd4 48. Qc4# 1-0

[Event "HZ Chess Tournament 2024"]
[Site "Vlissingen, Netherlands"]
[Date "2024.08.10"]
[Round "9.8"]
[White "Karsay, Pascal"]
[Black "Beukema, Stefan"]
[Result "0-1"]
[WhiteElo "2357"]
[BlackElo "2435"]
[PlyCount "84"]

1. Nf3 d5 2. e3 g6 3. c4 c6 4. Nc3 Bg7 5. d4 Nf6 6. cxd5 cxd5 7. Bb5+ Nbd7 8.
O-O O-O 9. a4 a6 10. Bd3 Qc7 11. Qb3 e6 12. Bd2 b6 13. Rfc1 Qb8 14. Na2 Bb7 15.
a5 b5 16. Bb4 Re8 17. Qa3 Ne4 18. Rc2 Qd8 19. Rac1 Rc8 20. Rxc8 Bxc8 21. Nc3
Bb7 22. Nxb5 axb5 23. a6 Ba8 24. Ba5 Bf8 25. b4 Qb8 26. a7 Qxa7 27. Rc7 Qa6 28.
Rxd7 Bc6 29. Rc7 Bd6 30. Qb2 Ra8 31. Qc2 Bxc7 32. Bxc7 Rc8 33. Ba5 Be8 34. Qb2
Qc6 35. g4 Qc3 36. Qxc3 Rxc3 37. Bxe4 dxe4 38. Nd2 f5 39. g5 Bc6 40. Bc7 Bd5
41. Bd6 Bc4 42. Kg2 Rc1 0-1

[Event "HZ Chess Tournament 2024"]
[Site "Vlissingen, Netherlands"]
[Date "2024.08.10"]
[Round "9.9"]
[White "Hng, Mei-En Emmanuelle"]
[Black "Arfan, Aditya Bagus"]
[Result "0-1"]
[WhiteElo "2145"]
[BlackElo "2405"]
[PlyCount "112"]

1. e4 c6 2. d4 d5 3. e5 Bf5 4. h4 h5 5. c4 e6 6. Nc3 dxc4 7. Bxc4 Nd7 8. Nf3
Be7 9. Bd3 Bg4 10. Be2 Nh6 11. Bg5 Nf5 12. g3 Bxf3 13. Bxf3 Nb6 14. Bxe7 Qxe7
15. Be4 O-O-O 16. Bxf5 exf5 17. O-O g6 18. a4 a5 19. Qb3 Nd5 20. Rac1 Qb4 21.
Qxb4 Nxb4 22. Nb5 Rhe8 23. Rfd1 Re7 24. Nd6+ Kb8 25. Kg2 Ka7 26. Rc5 Ka6 27. f4
Red7 28. Kf3 Kb6 29. Nc4+ Kc7 30. Rxa5 Rxd4 31. Rxd4 Rxd4 32. Nd6 Na6 33. Nxf7
Kd7 34. Ng5 Ke7 35. e6 Rd3+ 36. Kf2 Rd2+ 37. Ke3 Rxb2 38. Re5 Rb3+ 39. Kf2 Ra3
40. Ra5 Ra2+ 41. Kf3 Ra3+ 42. Kf2 Rc3 43. Nf3 Rc5 44. Rxc5 Nxc5 45. a5 Nb3 46.
a6 bxa6 47. Ne5 c5 48. Ke3 Kxe6 49. Kd3 a5 50. Nxg6 a4 51. Kc3 Nd4 52. Nf8+ Kd6
53. Nh7 a3 54. Nf6 c4 55. Nxh5 Ne2+ 56. Kc2 a2 0-1

[Event "HZ Chess Tournament 2024"]
[Site "Vlissingen, Netherlands"]
[Date "2024.08.10"]
[Round "9.10"]
[White "Karacsonyi, Gellert"]
[Black "Coenen, Eduard"]
[Result "1-0"]
[WhiteElo "2395"]
[BlackElo "2069"]
[PlyCount "67"]

1. e4 d6 2. d4 c6 3. Nc3 g6 4. Be3 Bg7 5. h4 h5 6. Nh3 Nf6 7. f3 Bxh3 8. Rxh3
b5 9. e5 dxe5 10. dxe5 Nd5 11. Nxd5 cxd5 12. Bxb5+ Kf8 13. Qd2 Bxe5 14. O-O-O
e6 15. f4 Bf6 16. f5 gxf5 17. Bh6+ Ke7 18. Bg5 Kf8 19. Bxf6 Qxf6 20. Qb4+ Qe7
21. Qc3 Rh7 22. Rg3 Nd7 23. Bxd7 f4 24. Bc6 Rc8 25. Rf3 Rg7 26. Rxf4 Qd6 27.
Rc4 Rxg2 28. Bxd5 Rxc4 29. Bxc4 Qf4+ 30. Kb1 Qxh4 31. Qh8+ Rg8 32. Qh6+ Ke7 33.
Bb5 Rg6 34. Qh8 1-0

[Event "HZ Chess Tournament 2024"]
[Site "Vlissingen, Netherlands"]
[Date "2024.08.10"]
[Round "9.11"]
[White "Syrov, Arkadi"]
[Black "Nieuwelink, Kees"]
[Result "1-0"]
[WhiteElo "2263"]
[BlackElo "2165"]
[PlyCount "59"]

1. e4 e5 2. Nf3 Nc6 3. Bb5 a6 4. Ba4 Nf6 5. O-O Nxe4 6. d4 b5 7. Bb3 d5 8. dxe5
Be6 9. c3 Be7 10. Nbd2 Nc5 11. Bc2 Bg4 12. h3 Bh5 13. Re1 d4 14. Nb3 d3 15. Bb1
Nxb3 16. axb3 Bg6 17. Be3 Qd5 18. b4 O-O 19. Ba2 Qd7 20. e6 fxe6 21. Nd4 Nd8
22. Qg4 Kh8 23. Nxe6 Nxe6 24. Bxe6 Qc6 25. Bd7 Qe4 26. Qxe4 Bxe4 27. Bd2 Rad8
28. Bg4 h5 29. Rxe4 hxg4 30. Rxe7 1-0

[Event "HZ Chess Tournament 2024"]
[Site "Vlissingen, Netherlands"]
[Date "2024.08.10"]
[Round "9.12"]
[White "Van Delft, Merijn"]
[Black "Van der Werf, Joel"]
[Result "1-0"]
[WhiteElo "2360"]
[BlackElo "1993"]
[PlyCount "151"]

1. e4 c5 2. Nf3 Nc6 3. d4 cxd4 4. Nxd4 Nf6 5. Nc3 e5 6. Ndb5 d6 7. Bg5 a6 8.
Na3 b5 9. Nd5 Be7 10. Bxf6 Bxf6 11. c4 b4 12. Nc2 O-O 13. g3 a5 14. Bg2 Be6 15.
O-O Bg5 16. Kh1 Bxd5 17. cxd5 Nb8 18. a3 b3 19. Ne1 a4 20. Nd3 Nd7 21. f4 Bf6
22. Rc1 Rc8 23. Rc6 Nb8 24. Rxc8 Qxc8 25. Qd2 Qc2 26. Qxc2 bxc2 27. Bh3 exf4
28. gxf4 Re8 29. Rc1 Rxe4 30. Rxc2 Kf8 31. Rc8+ Re8 32. Rc4 Re3 33. Bf1 Nd7 34.
Rxa4 Nb6 35. Rb4 Nxd5 36. Rb5 Nc7 37. Rb7 Ne6 38. a4 Bd4 39. a5 Nd8 40. Rd7 Nc6
41. Rxd6 Re6 42. Rd5 Ba7 43. b4 Re4 44. Rb5 Be3 45. Bg2 Rd4 46. Bxc6 Rxd3 47.
a6 g6 48. Rb8+ Kg7 49. Rb7 Ra3 50. b5 Ra5 51. Bd5 Kh6 52. Bxf7 Bxf4 53. Bc4 Be3
54. Kg2 Ra4 55. Bd3 Ra3 56. Rd7 Bb6 57. Kf3 Ra4 58. Rb7 Bg1 59. h3 Bc5 60. Rc7
Bg1 61. Rb7 Bc5 62. Ke2 Bd4 63. Rc7 Bb6 64. Rc6 Bg1 65. Bc4 Ra3 66. Kf1 Bd4 67.
b6 Kg5 68. b7 Ba7 69. Rc8 Kf4 70. b8=B+ Bxb8 71. Rxb8 Kf3 72. Ke1 Ra4 73. Be2+
Ke3 74. Re8+ Kd4 75. Re7 Kc5 76. Rxh7 1-0

[Event "HZ Chess Tournament 2024"]
[Site "Vlissingen, Netherlands"]
[Date "2024.08.10"]
[Round "9.13"]
[White "De Jong, Migchiel"]
[Black "Van der Zalm, Marnix"]
[Result "1-0"]
[WhiteElo "2313"]
[BlackElo "2083"]
[PlyCount "67"]

1. Nf3 g6 2. e4 d6 3. d4 Bg7 4. Bd3 Nc6 5. c3 Nf6 6. O-O O-O 7. d5 Nb8 8. c4 c6
9. Nc3 h6 10. h3 e5 11. dxe6 Bxe6 12. Nd4 Re8 13. Be3 Nbd7 14. b3 Nc5 15. Bc2
Bd7 16. f3 Qe7 17. Re1 Qf8 18. Qd2 Rad8 19. Rad1 Bc8 20. b4 Ne6 21. Nde2 b6 22.
f4 Nc7 23. Ng3 Ba6 24. Bb3 d5 25. cxd5 cxd5 26. e5 Ne4 27. Ncxe4 dxe4 28. Qc2
Rxd1 29. Rxd1 Nb5 30. Rd7 Re7 31. Rxe7 Qxe7 32. a4 Na3 33. Qxe4 Bb7 34. Qxg6
1-0

[Event "HZ Chess Tournament 2024"]
[Site "Vlissingen, Netherlands"]
[Date "2024.08.10"]
[Round "9.14"]
[White "Rappazzo, Johannes"]
[Black "Duchene, Rene"]
[Result "1-0"]
[WhiteElo "2278"]
[BlackElo "2085"]
[PlyCount "145"]

1. e4 c5 2. Nf3 e6 3. d4 cxd4 4. Nxd4 Nf6 5. Nc3 Nc6 6. Ndb5 Bb4 7. a3 Bxc3+ 8.
Nxc3 d5 9. exd5 exd5 10. Bd3 O-O 11. O-O d4 12. Ne2 Bg4 13. h3 Bh5 14. Bg5 Qd6
15. Qd2 Rfe8 16. Qf4 Re5 17. Bxf6 Qxf6 18. Qxf6 gxf6 19. Rfe1 Bxe2 20. Rxe2
Rxe2 21. Bxe2 Rd8 22. Rd1 b6 23. f4 Kf8 24. Bf3 Na5 25. b3 h6 26. Be4 Ke7 27.
Kf2 Rd6 28. Kf3 Rd8 29. Kg4 Ke6 30. Bf5+ Ke7 31. Be4 Ke6 32. Bf5+ Ke7 33. Kh5
Nb7 34. Re1+ Kf8 35. Kxh6 Nd6 36. Bd3 Rc8 37. Kh5 Rc5+ 38. Kg4 f5+ 39. Kf3 Rc3
40. g4 Ne4 41. Kg2 Kg7 42. h4 Nf6 43. Bxf5 Nd5 44. Kf2 Nxf4 45. Rh1 d3 46. cxd3
Rxb3 47. h5 Nxd3+ 48. Ke3 Nc5+ 49. Kd2 Kh6 50. g5+ Kxg5 51. Bc2 Kh6 52. Bxb3
Nxb3+ 53. Kc3 Nc5 54. Kd4 Nd7 55. Kd5 Nf6+ 56. Ke5 Ne8 57. Kf5 b5 58. Rb1 a6
59. Rc1 Nd6+ 60. Kg4 Nc4 61. Rc3 f6 62. Kh4 Ne5 63. Rb3 Nc4 64. Rf3 Kg7 65. Kg3
a5 66. Rc3 a4 67. Kh4 Kh6 68. Rf3 Kg7 69. Rh3 Kh6 70. Kg4 Nd6 71. Kf4 Kh7 72.
h6 f5 73. Ke5 1-0

[Event "HZ Chess Tournament 2024"]
[Site "Vlissingen, Netherlands"]
[Date "2024.08.10"]
[Round "9.15"]
[White "Kazarjan, Gachatur"]
[Black "Grochal, Joey"]
[Result "1/2-1/2"]
[WhiteElo "2100"]
[BlackElo "2280"]
[PlyCount "96"]

1. e4 c5 2. Nf3 Nc6 3. d4 cxd4 4. Nxd4 Nf6 5. Nc3 e6 6. Nxc6 bxc6 7. e5 Nd5 8.
Ne4 Qc7 9. f4 Qb6 10. c4 Bb4+ 11. Ke2 f5 12. Nf2 Ba6 13. Kf3 Ne7 14. Be3 Bc5
15. Bxc5 Qxc5 16. Qd6 Qb6 17. b3 c5 18. Rd1 Bb7+ 19. Ke3 Kf7 20. Be2 Rhd8 21.
Rd2 Nc8 22. Qxb6 axb6 23. Rhd1 Ke7 24. g4 d5 25. cxd5 exd5 26. gxf5 d4+ 27. Kd3
Ba6+ 28. Ke4 Bb7+ 29. Kd3 Ba6+ 30. Kc2 Bxe2 31. Rxe2 Rxa2+ 32. Kd3 Rxe2 33.
Kxe2 Rf8 34. Rg1 Rxf5 35. Rxg7+ Ke6 36. Rc7 Ne7 37. Kf3 Rxf4+ 38. Kxf4 Nd5+ 39.
Ke4 Nxc7 40. Nh3 Kf7 41. Nf4 Ne6 42. Nd3 Nc7 43. h4 Ke7 44. Nf4 Kd7 45. h5 b5
46. h6 c4 47. bxc4 bxc4 48. Kxd4 Ne6+ 1/2-1/2

[Event "HZ Chess Tournament 2024"]
[Site "Vlissingen, Netherlands"]
[Date "2024.08.10"]
[Round "9.16"]
[White "Goossens, Xavier"]
[Black "Karacsonyi, Kata"]
[Result "0-1"]
[WhiteElo "2010"]
[BlackElo "2184"]
[PlyCount "62"]

1. e4 c5 2. Be2 Nc6 3. d3 e6 4. f4 d5 5. Nf3 Nf6 6. e5 Nd7 7. O-O f6 8. Qe1 Be7
9. exf6 Nxf6 10. Nbd2 Qc7 11. Ng5 O-O 12. Ndf3 Bd6 13. Qh4 Ne7 14. Nh3 Nf5 15.
Qe1 d4 16. Ne5 Bxe5 17. fxe5 Nd5 18. g4 Nfe3 19. Rxf8+ Kxf8 20. Bxe3 Nxe3 21.
Qh4 Kg8 22. Ng5 h6 23. Nf3 Qf7 24. c3 Bd7 25. cxd4 Bc6 26. d5 Bxd5 27. Kf2 Nc2
28. Rf1 Nd4 29. Ke3 Nxe2 30. Kxe2 Qf4 31. g5 Bxf3+ 0-1

[Event "HZ Chess Tournament 2024"]
[Site "Vlissingen, Netherlands"]
[Date "2024.08.10"]
[Round "9.17"]
[White "Aarts, Joaquin"]
[Black "Frayna, Janelle Mae"]
[Result "0-1"]
[WhiteElo "2015"]
[BlackElo "2162"]
[PlyCount "72"]

1. d4 d5 2. c4 e6 3. Nc3 c6 4. e4 dxe4 5. Nxe4 Bb4+ 6. Bd2 Qxd4 7. Bxb4 Qxe4+
8. Be2 Na6 9. Bd6 Qxg2 10. Bf3 Qg5 11. Ne2 Ne7 12. Ng3 Qa5+ 13. b4 Nxb4 14. O-O
Na6 15. Qb3 f6 16. Rfe1 Kf7 17. Bg4 Qb6 18. Qf3 Re8 19. Ne4 Ng6 20. Ng5+ Kg8
21. Nxe6 Ne5 22. Qh3 Nxg4 23. Qxg4 Bxe6 24. Rxe6 Nc5 25. Ree1 Nd3 26. Rxe8+
Rxe8 27. Qg3 Qd4 28. Rd1 Nf4 29. Qxf4 Qxd1+ 30. Kg2 Qe2 31. Qg3 Qe4+ 32. Kg1
Qxc4 33. Qf4 Re1+ 34. Kg2 Qf1+ 35. Kf3 Qh1+ 36. Kg4 Rg1+ 0-1

[Event "HZ Chess Tournament 2024"]
[Site "Vlissingen, Netherlands"]
[Date "2024.08.10"]
[Round "9.19"]
[White "Kliashtornyi, Arkadii"]
[Black "Honkoop, Gilian"]
[Result "1/2-1/2"]
[WhiteElo "2098"]
[BlackElo "2189"]
[PlyCount "121"]

1. d4 Nf6 2. g3 d5 3. Nf3 Bf5 4. Bg2 e6 5. c4 c6 6. Nc3 h6 7. Qb3 Qb6 8. c5
Qxb3 9. axb3 Be7 10. h3 a6 11. g4 Bh7 12. Bf4 Nbd7 13. O-O O-O 14. b4 Ne4 15.
Nxe4 Bxe4 16. Ne5 Bxg2 17. Kxg2 Nxe5 18. Bxe5 Rae8 19. Rae1 Kh7 20. e4 Rd8 21.
f4 dxe4 22. Rxe4 Rd7 23. f5 exf5 24. gxf5 f6 25. Bg3 Rfd8 26. Rfe1 Bf8 27. Bf2
Kg8 28. Kf3 Kf7 29. Rg1 Re7 30. h4 Rxe4 31. Kxe4 h5 32. Be3 Be7 33. Bf4 Re8 34.
Kf3 Bd8 35. d5 Re7 36. dxc6 bxc6 37. Rd1 Bc7 38. Bxc7 Rxc7 39. Rd8 Rb7 40. Rc8
Rxb4 41. Rxc6 Rxb2 42. Rxa6 Rc2 43. c6 Ke7 44. Ra7+ Kd6 45. Rxg7 Rxc6 46. Rh7
Ke5 47. Rxh5 Rc3+ 48. Kg4 Rc4+ 49. Kf3 Ra4 50. Kg3 Ra8 51. Rh7 Kxf5 52. Rh5+
Ke4 53. Rb5 Rg8+ 54. Kh3 Rg1 55. Rb4+ Kf5 56. Rb5+ Kg6 57. Rb3 f5 58. Rg3+
Rxg3+ 59. Kxg3 Kh5 60. Kf4 Kxh4 61. Kxf5 1/2-1/2

[Event "HZ Chess Tournament 2024"]
[Site "Vlissingen, Netherlands"]
[Date "2024.08.10"]
[Round "9.20"]
[White "Wink, Luka"]
[Black "Duijker, Rick"]
[Result "1/2-1/2"]
[WhiteElo "2090"]
[BlackElo "2186"]
[PlyCount "35"]

1. e4 e5 2. Bc4 Nf6 3. d3 c6 4. Nf3 d5 5. Bb3 Bb4+ 6. Bd2 Bxd2+ 7. Nbxd2 Nbd7
8. O-O O-O 9. d4 exd4 10. exd5 c5 11. c3 dxc3 12. bxc3 Nb6 13. c4 Bg4 14. Re1
Re8 15. h3 Rxe1+ 16. Qxe1 Bxf3 17. Nxf3 Qd6 18. Qe5 1/2-1/2

[Event "HZ Chess Tournament 2024"]
[Site "Vlissingen, Netherlands"]
[Date "2024.08.10"]
[Round "9.21"]
[White "Kumar, Prajit Sai"]
[Black "Hirzel, Cedric"]
[Result "1/2-1/2"]
[WhiteElo "2185"]
[BlackElo "2116"]
[PlyCount "63"]

1. e4 c5 2. Nf3 Nf6 3. e5 Nd5 4. Nc3 e6 5. Ne4 f5 6. Nc3 Ne7 7. a3 Nbc6 8. b4
cxb4 9. Nb5 Nd5 10. axb4 Bxb4 11. c3 Be7 12. Ba3 O-O 13. d4 a6 14. Bxe7 Qxe7
15. Qd2 Rb8 16. Nd6 b5 17. Bd3 Nc7 18. O-O Ne8 19. Nxc8 Rxc8 20. Rxa6 Nc7 21.
Raa1 Rb8 22. Rfb1 Rb7 23. Rb3 Rfb8 24. h4 d5 25. exd6 Qxd6 26. Rab1 b4 27. Qe1
Nd5 28. cxb4 Rxb4 29. Rxb4 Rxb4 30. Rxb4 Ncxb4 31. Bc4 h6 32. Qd2 1/2-1/2

[Event "HZ Chess Tournament 2024"]
[Site "Vlissingen, Netherlands"]
[Date "2024.08.10"]
[Round "9.22"]
[White "Boulahfa, Hicham"]
[Black "Fronda, Jan Jodilyn"]
[Result "0-1"]
[WhiteElo "2183"]
[BlackElo "2089"]
[PlyCount "82"]

1. Nf3 d5 2. g3 Nf6 3. Bg2 c6 4. O-O Bg4 5. d3 Nbd7 6. Nbd2 e5 7. e4 dxe4 8.
dxe4 Be7 9. Re1 O-O 10. a4 Qc7 11. a5 b5 12. h3 Bxf3 13. Qxf3 Nc5 14. Nf1 Ne6
15. Be3 Bb4 16. Bd2 Bxd2 17. Nxd2 Rad8 18. Qc3 Rd4 19. Nf3 b4 20. Qb3 Nc5 21.
Qe3 Rc4 22. Rec1 Qe7 23. Nd2 Rd4 24. Nb3 Nxb3 25. cxb3 c5 26. Rc2 h6 27. Rac1
Rc8 28. Qe2 Qd6 29. Qb5 a6 30. Qb6 Rc6 31. Qa7 Nd7 32. Bf3 Kh7 33. Kg2 Qc7 34.
Qa8 Nf6 35. Be2 Nxe4 36. Bxa6 Nf6 37. Bc4 e4 38. a6 Qb6 39. Be2 Rd8 40. Qxd8
Qxd8 41. Re1 e3 0-1

[Event "HZ Chess Tournament 2024"]
[Site "Vlissingen, Netherlands"]
[Date "2024.08.10"]
[Round "9.23"]
[White "Van Gool, Henk"]
[Black "Goudriaan, Rafael"]
[Result "1-0"]
[WhiteElo "2172"]
[BlackElo "2079"]
[PlyCount "78"]

1. c4 g6 2. Nf3 Bg7 3. d4 d6 4. Nc3 Nf6 5. Bg5 Bf5 6. e3 Ne4 7. Qb3 Nxg5 8.
Nxg5 Bc8 9. f4 O-O 10. O-O-O c6 11. Bd3 Qb6 12. Qc2 Na6 13. a3 e5 14. c5 dxc5
15. dxe5 c4 16. Bxc4 Qxe3+ 17. Qd2 Qxd2+ 18. Rxd2 b5 19. Ba2 Bf5 20. Re1 Nc5
21. Nge4 Ne6 22. g3 Rfd8 23. Nd6 Bg4 24. Nce4 Bf3 25. Nxf7 Rxd2 26. Nxd2 Bd5
27. Bxd5 cxd5 28. Nd6 Bf8 29. Nxb5 a6 30. Nc3 Rc8 31. Kb1 Bxa3 32. Nxd5 Rb8 33.
Nc4 Bc5 34. Nf6+ Kg7 35. Nd7 Rb4 36. Nxc5 Nxc5 37. e6 Nxe6 38. Rxe6 Rxc4 39.
Rxa6 Re4 1-0

[Event "HZ Chess Tournament 2024"]
[Site "Vlissingen, Netherlands"]
[Date "2024.08.10"]
[Round "9.26"]
[White "Boeren, Jurriaan"]
[Black "Galle, Andre"]
[Result "1-0"]
[WhiteElo "2159"]
[BlackElo "1942"]
[PlyCount "85"]

1. e4 e6 2. d4 d5 3. Nc3 Bb4 4. e5 c5 5. a3 Bxc3+ 6. bxc3 Ne7 7. Qg4 Qc7 8. Bd3
cxd4 9. Ne2 dxc3 10. Qxg7 Rg8 11. Qxh7 Nbc6 12. Bf4 Bd7 13. h4 O-O-O 14. h5
Nxe5 15. Kf1 N7c6 16. Nxc3 Nd4 17. Re1 f6 18. Ne2 Ndc6 19. Qh6 Rdf8 20. Bg3 Qa5
21. Qc1 Nxd3 22. cxd3 e5 23. d4 Qa6 24. Kg1 Kb8 25. Qc5 Bg4 26. f3 Bf5 27. dxe5
fxe5 28. Qxd5 Rd8 29. Qa2 Qa5 30. Rc1 Bd3 31. Rh3 Bf5 32. Rh4 Rge8 33. Be1 Qa6
34. Ng3 Be6 35. Qb2 Nd4 36. Kh2 Rc8 37. Rxc8+ Rxc8 38. Bc3 Qd3 39. Bxd4 Rc2 40.
Bxe5+ Ka8 41. Qd4 Qxf3 42. Qd8+ Bc8 43. Qxc8+ 1-0

[Event "HZ Chess Tournament 2024"]
[Site "Vlissingen, Netherlands"]
[Date "2024.08.10"]
[Round "9.27"]
[White "Van Rootselaar, Rik"]
[Black "Weber, Nikita"]
[Result "0-1"]
[WhiteElo "2152"]
[BlackElo "2078"]
[PlyCount "84"]

1. d4 d5 2. c4 e6 3. Nf3 Nf6 4. g3 dxc4 5. Bg2 c5 6. O-O Nc6 7. Ne5 Bd7 8. Na3
cxd4 9. Naxc4 Bc5 10. Bf4 O-O 11. Rc1 Rc8 12. Qb3 b6 13. Nd3 Nd5 14. Nxc5 Nxf4
15. gxf4 bxc5 16. Nd6 Rb8 17. Qa3 Qf6 18. Qxc5 Qxf4 19. e3 Qg4 20. Kh1 Nb4 21.
Rc4 Nd3 22. Qa3 Qe2 23. exd4 Nxf2+ 24. Kg1 Rxb2 25. Qg3 Ng4 26. Re1 Qf2+ 27.
Qxf2 Nxf2 28. Rc7 Nd3 29. Rf1 Ba4 30. d5 e5 31. Rxa7 Rxa2 32. Nf5 Nf4 33. Be4
Nh3+ 34. Kh1 Bc2 35. Ne7+ Kh8 36. Bxc2 Rxa7 37. Nc6 Rc7 38. Bf5 Nf4 39. Be4 Re8
40. Rd1 Rd7 41. d6 Re6 42. Bf5 Rexd6 0-1

[Event "HZ Chess Tournament 2024"]
[Site "Vlissingen, Netherlands"]
[Date "2024.08.10"]
[Round "9.28"]
[White "Merbis, Max"]
[Black "Abrahams, Daniel"]
[Result "1-0"]
[WhiteElo "2079"]
[BlackElo "2139"]
[PlyCount "71"]

1. d4 Nf6 2. c4 e6 3. Nc3 d5 4. Bg5 Be7 5. e3 h6 6. Bh4 O-O 7. Nf3 b6 8. Be2
Bb7 9. Bxf6 Bxf6 10. cxd5 exd5 11. b4 c6 12. O-O Nd7 13. Qb3 b5 14. a4 a6 15.
a5 Re8 16. Bd3 Re6 17. Rfe1 g6 18. Rad1 Qe7 19. e4 dxe4 20. Rxe4 Rxe4 21. Nxe4
Kg7 22. Re1 Qf8 23. Ne5 Qe7 24. f4 Rd8 25. Re2 Nf8 26. Nc5 Bxe5 27. Rxe5 Qd6
28. Qc3 Bc8 29. d5 f6 30. Ne4 Qc7 31. Nxf6 Kxf6 32. Re6+ Kf7 33. Qf6+ Kg8 34.
Re7 Qxe7 35. Qxe7 Rxd5 36. Bc2 1-0